000 004300000a22001690004500
003 MACL
005 20151231172035.0
008 151231b xxu||||| |||| 00| 0 eng d
040 _aMACL
_cMACL
041 _aEnglish
082 _a391.3
100 _aStone, Melicent
_926061
245 _aThe Bankside Costume
_bBook for Children
260 _bDarton & Co Ltd
_c1913
_aLondon
650 _aCostume
_910329
942 _cBK
_k391.3
_2ddc
999 _c37801
_d37801